000 01003nam a22002417a 4500
999 _c8506
_d8506
003 AR-CdUCM
008 190325b ||||| |||| 00| 0 spa d
040 _aMUNICIPALIDAD PROVINCIAL DEL CUSCO
_cBIBLIOTECA MUNICIPAL DEL CUSCO
041 _heng
082 _a338.9 /
_bM39
100 _aMason, Edwar
_923836
245 _aPlanificación económica en áreas subdesarrolladas /
260 _aMexico :
_bCompañía general de ediciones,
_c1963.
300 _a152 paginas ;
_c20 cm.
500 _aTitulo original : Economic planning in underdeveloped areas
505 _aContenido : Estudio del terreno -- El gobierno y l empresas en el desarrollo económico del siglo XIX -- El desarrollo iniciado por el gobierno -- Planificación económica en el sur y sureste de Asia.
650 _aPlanificación económica
_97615
650 _aDesarrollo económico
_91696
650 _aEstudio de terreno
_923837
700 _aMensizabal, Ana de (Traductor)
_923838
942 _2ddc
_cLIBROS
945 _awnts